000 00579nam a2200205Ia 4500
003 OSt
005 20230522152041.0
008 210423s1998 xx 000 0 und d
040 _cAL
041 _aeng
082 _a305.56
_223
_bVIVS
100 _aVIVEK (P S)
_9110575
245 _aSeavengers: exploited cases of city professionals
260 _aMumbai
_bHimalaya Publishing House
_c1998
365 _b150
_cINR
650 _aSocial Classes
_9110576
650 _aSociology
_9110577
906 _acases ; city ; exploited ; professionals ; Seavengers:
942 _2ddc
_cBK
999 _c172730
_d172730